De A à Z Emmanuel Macron - Statistiques

Statistiques générales
  • Ce quiz a été pris 313 fois
  • Le résultat moyen est 18 sur 26
Statistiques - réponses
Lettre Hint Réponse % Correct
B Prénom de son épouse Brigitte
99%
F Son prédecesseur François Hollande
94%
M Sa rivale au second tour des élections présidentielles Marine Le Pen
91%
U Pays européen en guerre durant son mandat Ukraine
91%
O Il supporte ce club de foot OM
87%
C Nom de son deuxième premier ministre Castex
85%
X Siècle de naissance d'Emmanuel Macron XX
84%
Q la réponse est Q Q
83%
Y Jean- ____ le Drian Yves
82%
A Ville de Naissance d'Emmanuel Macron Amiens
81%
G Mouvement de contestation qui voulait sa démission Gilets jaune
81%
J Le prénom de la personne dans la réponse C Jean
81%
N Phrase prononcé lors du début de la pandémie Nous sommes en guerre
79%
P C'est de la poudre de Perlimpinpin
75%
Z Le nom du président ukrainien Zelensky
73%
R Nom de son parti Renaissance
70%
T Pour trouver un travail, il faut Traverser la rue
70%
E suite de la phrase précédente Explosion
67%
K Il l'a appelé dans la vidéo de McFly et Carlito Kylian Mbappé
64%
I Impôt qu'il a supprimé ISF
59%
L Nom de son parti en 2017 LREM
54%
V Il a été le ministre de l'économie sous le gouvernement Valls
54%
D Macron, Destitution , Macron Décapitation
48%
H Profession Haut-fonctionnaire
19%
S Son successeur en tant que ministre de l'économie Sapin
16%
W Nom d'un ancien ministre de la transition écologique Wargon
7%
Aucun quiz correspondant
Distribution des résultats
% des personnes avec chaque résultat
Percentile par nombre de réponses
Votre historique - résultats
Vous n’avez pas pris ce quiz